El Problema de les comarques catalanes : departament meridional Alt Camp : premi de la municipalitat de Valls / Francesc Blasi i Vallespinosa departament meridional Alt Camp :
Descripción Física:
20 p. ; 24 cm
Materias:
Valls (Catalunya)
MARC
| LEADER | 00000nam a2200000Ia 4500 | ||
|---|---|---|---|
| 001 | 18504 | ||
| 008 | 160829s1932 xx 000 0 cat d | ||
| 080 | |a 3856, exp. 1 | ||
| 100 | |a Blasi i Vallespinosa, Francesc |9 48266 | ||
| 245 | |a El Problema de les comarques catalanes : |b departament meridional Alt Camp : |b premi de la municipalitat de Valls / Francesc Blasi i Vallespinosa | ||
| 260 | |a Barcelona : |b Tallers Gràfics Hostench, |c 1932 | ||
| 300 | |a 20 p. ; |c 24 cm | ||
| 651 | 0 | |a Valls (Catalunya) |9 55546 | |
| 901 | |a Arxiu | ||
| 942 | |n 1 | ||
| 952 | |0 0 |1 0 |4 0 |6 3856_EXP_1 |7 1 |9 54434 |a Arxiu |b Arxiu |d 2016-12-01 |l 0 |o 3856, exp. 1 |p 18504 |r 2016-12-01 00:00:00 |w 2016-12-01 |y ARXIU | ||
| 999 | |c 58303 |d 58303 | ||